LEADER 00974nam a2200241 i 4500 001 000000366529 003 CaOOAMICUS 005 20260219110913.0 008 260219s2025 it a u000 u ita u 020 $a978-88-459-4058-3 040 $aSeMil$bita 100 1 $aGinzburg, Carlo,$d<1939- >.$0(OLS)http://semarc/name/90784 245 13$aIl vincolo della vergogna :$bletture oblique /$cCarlo Ginzburg. 264 1$aMilano :$bAdelphi,$c2025. 300 $a275 p., [8] carte di tav. :$bill. ;$c24 cm 490 1 $aIl ramo d'oro ;$v77 830 3$aIl ramo d'oro ;$v77.$0(OLS)http://semarc/title/10258 850 $aSeMil 852 $aSeMil$W1$xVenegono$y1$m2P VI 211$j267351$B257271$CSeMilBibl$Z2$F257271 $81 996 $6020$a978-88-459-4058-3$9(OLS)http://semarc/number/305352 996 $6245$aIl vincolo della vergogna :$bletture oblique$9(OLS)http://semarc/title/458271 996 $6264$aMilano :$bAdelphi$9(OLS)http://semarc/publisher/30018